LEADER 01086nam0-22003131i-450- 001 990006570100403321 005 20001010 035 $a000657010 035 $aFED01000657010 035 $a(Aleph)000657010FED01 035 $a000657010 100 $a20001010d--------km-y0itay50------ba 101 0 $aita 105 $ay-------001yy 200 1 $aFunzione di indirizzo politico e competenze amministrative della giunta nelle regioni ad autonomia speciale$fdiSergio Bartole 210 $aMilano$cA.Giuffré$ds.d. 215 $a57 p., 22 cm 300 $a"Estratto da 'Rivista trimestrale di diritto Pubblico' Anno XIX,N.3, Luglio-Settembre, 1969, pp. 706-763" 676 $a342.4509 700 1$aBartole,$bSergio$f<1936- >$0130569 801 0$aIT$bUNINA$gRICA$2UNIMARC 901 $aBK 912 $a990006570100403321 952 $aBUSTA I D 52$b596$fFSPBC 952 $aBUSTA I D 5$b337$fFSPBC 959 $aFSPBC 996 $aFunzione di indirizzo politico e competenze amministrative della giunta nelle regioni ad autonomia speciale$9623737 997 $aUNINA DB $aGEN01